[Event "Costa Brava op 29th"]
[Site "Costa Brava"]
[Date "2016.11.26"]
[Round "8"]
[White "Carbo Marti, Jordi"]
[Black "Oller Colom, Jaume"]
[Result "1-0"]
[WhiteElo "1837"]
[BlackElo "1612"]
[PlyCount "85"]
[EventDate "2016.09.24"]
[EventType "swiss"]
[EventRounds "9"]
[EventCountry "ESP"]
[SourceTitle "EXT 2018"]
[Source "ChessBase"]
[SourceDate "2017.10.13"]
[SourceVersion "1"]
[SourceVersionDate "2017.10.13"]
[SourceQuality "1"]

1. e4 g6 2. Nf3 Bg7 3. Bc4 d6 4. d4 Nf6 5. Nbd2 0-0 6. 0-0 Nc6 7. c3 a6 8. a4 Bg4 9. Re1 e5 10. d5 Na7 11. Bd3 b5 12. c4 bxc4 13. Bxc4 c6 14. Bxa6 cxd5 15. Bb7 Rb8 16. Bxd5 Nxd5 17. exd5 Ra8 18. Ne4 Nb5 19. Be3 Nd4 20. Bxd4 exd4 21. Qd3 f5 22. Neg5 Bxf3 23. Nxf3 Bf6 24. Nxd4 Bxd4 25. Qxd4 f4 26. f3 Rc8 27. Rac1 Re8 28. Rxe8+ Qxe8 29. Rxc8 Qxc8 30. Qc3 Qe8 31. a5 Qe2 32. h3 Qd1+ 33. Kh2 Qxd5 34. Qc8+ Kg7 35. a6 Qh5 36. Qg4 Qa5 37. Qd7+ Kh6 38. a7 Qg5 39. Qg4 Qa5 40. Qxf4+ Kg7 41. Qd4+ Kh6 42. b4 Qa6 43. b5 1-0

[Event "Costa Brava op 29th"]
[Site "Costa Brava"]
[Date "2016.11.05"]
[Round "5"]
[White "Oller Colom, Jaume"]
[Black "Carraminana Puig, Jordi"]
[Result "1-0"]
[WhiteElo "1612"]
[BlackElo "1691"]
[PlyCount "55"]
[EventDate "2016.09.24"]
[EventType "swiss"]
[EventRounds "9"]
[EventCountry "ESP"]
[SourceTitle "EXT 2018"]
[Source "ChessBase"]
[SourceDate "2017.10.13"]
[SourceVersion "1"]
[SourceVersionDate "2017.10.13"]
[SourceQuality "1"]

1. e4 e6 2. Nf3 c5 3. g3 Nc6 4. Bg2 d5 5. exd5 exd5 6. 0-0 Nf6 7. d4 Be7 8. c3 0-0 9. Bg5 cxd4 10. Nxd4 Nxd4 11. Qxd4 Be6 12. Nd2 h6 13. Be3 b6 14. Nf3 Rc8 15. Ne5 Bc5 16. Qd2 Bxe3 17. Qxe3 Qc7 18. Nd3 Rfe8 19. Nf4 Bh3 20. Qd2 Bxg2 21. Kxg2 Qc6 22. f3 Re7 23. Rae1 Rd7 24. Qd4 Qb5 25. Rf2 Rc4 26. Qd3 d4 27. Rfe2 dxc3 28. Re8+ 1-0

[Event "Costa Brava op 29th"]
[Site "Costa Brava"]
[Date "2016.10.15"]
[Round "3"]
[White "Oller Colom, Jaume"]
[Black "Serra Monforte, Josep M"]
[Result "1-0"]
[WhiteElo "1612"]
[BlackElo "1597"]
[PlyCount "53"]
[EventDate "2016.09.24"]
[EventType "swiss"]
[EventRounds "9"]
[EventCountry "ESP"]
[SourceTitle "EXT 2018"]
[Source "ChessBase"]
[SourceDate "2017.10.13"]
[SourceVersion "1"]
[SourceVersionDate "2017.10.13"]
[SourceQuality "1"]

1. e4 c5 2. g3 Nc6 3. Ne2 e5 4. Bg2 Nf6 5. Nbc3 Be7 6. 0-0 0-0 7. d3 h6 8. f4 d6 9. Nd5 Bg4 10. h3 Bxe2 11. Nxe7+ Qxe7 12. Qxe2 Qd7 13. f5 Rac8 14. Be3 Nd4 15. Qd2 d5 16. Bxh6 gxh6 17. Qxh6 Nh7 18. f6 Ne6 19. h4 d4 20. Bh3 Kh8 21. Bxe6 fxe6 22. Rf2 Rf7 23. Raf1 Re8 24. Kh1 Qd8 25. Qh5 Qc8 26. b4 cxb4 27. Qxf7 1-0